| 000 | 00720na a2200265 4500 | ||
|---|---|---|---|
| 001 | 17592 | ||
| 003 | MIRAKIL | ||
| 005 | 20181213155015.0 | ||
| 008 | 161030b tu 000 0 | ||
| 020 | _a9758971352 | ||
| 035 | _a17592 | ||
| 040 |
_aMilas _btur _cTR-AnCHP |
||
| 041 | _atur | ||
| 082 |
_a330.122 _bÖ93o 2005 |
||
| 090 | _a330.122 Ö93o 2005 | ||
| 100 |
_aÖzer, Ahmet _d1960- |
||
| 245 |
_a11 Eylül, ABD, Türkiye ve küreselleşme _cAhmet Özer |
||
| 260 |
_aAnkara _bKesit Tanıtım _c2005 |
||
| 300 |
_a270 s. _c22 sm. |
||
| 490 |
_aElips Kitap _v90 |
||
| 504 | _aKaynakça var. | ||
| 650 |
_a11 Eylül saldırısı, 2001 _zABD |
||
| 650 |
_aKüreselleşme _xABD _zTürkiye |
||
| 942 |
_2ddc _cBKS |
||
| 999 |
_c4726 _d4726 |
||